Catálogo

CHEMICAL MANAGEMENT : (Registro nro. 48387)

Detalles MARC
000 -LEADER
fixed length control field 00913nam a2200217 a 4500
001 - CONTROL NUMBER
control field 48387
005 - DATE AND TIME OF LATEST TRANSACTION
control field 20180714032658.0
008 - FIXED-LENGTH DATA ELEMENTS--GENERAL INFORMATION
fixed length control field 140415d 000 0 spa d
020 ## - INTERNATIONAL STANDARD BOOK NUMBER
International Standard Book Number 0471332844
041 ## - LANGUAGE CODE
Language code of text/sound track or separate title spa
082 ## - DEWEY DECIMAL CLASSIFICATION NUMBER
Classification number 658.5
Item number BIE
100 1# - MAIN ENTRY--PERSONAL NAME
Personal name BIERMA, THOMAS
245 10 - TITLE STATEMENT
Title CHEMICAL MANAGEMENT :
Remainder of title REDUCING WASTE AND COST TROUGH INNOVATIVE SUPPLY STRATEGIES
250 ## - EDITION STATEMENT
Edition statement 1a ed.
260 ## - PUBLICATION, DISTRIBUTION, ETC.
Place of publication, distribution, etc. [s.l.] :
Name of publisher, distributor, etc. JOHN WILEY AND SONS, INC.,
Date of publication, distribution, etc. [s.f.]
300 ## - PHYSICAL DESCRIPTION
Extent 816
Dimensions 16.2 x 2.1 x 24.1
490 ## - SERIES STATEMENT
Series statement SURFACTANT SCIENCE SERIES
520 ## - SUMMARY, ETC.
Summary, etc. CHEMICAL MANAGEMENT ES UNA INDISPENSABLE RECURSO DE MANUFACTURA, VENTAS, MESIO AMBIENTE, SALUD Y SEGURIDAD, Y OTRAS SE ENCARGAN DEL DESARROLLO MAS EFECTIVO DE DESPERDICIOS QUIMICOS QUE MINIMIZAN LAS ESTRATEGIAS DE OTRAS COMPAÑIAS.
650 14 - SUBJECT ADDED ENTRY--TOPICAL TERM
Topical term or geographic name entry element ECOLOGIA INDUSTRIAL
General subdivision PRODUCTOS QUIMICOS
-- ADMINISTRACION
700 1# - ADDED ENTRY--PERSONAL NAME
Personal name WATERSTRAAT, FRANCIS L.
Relator term coaut.
Existencias
Withdrawn status Lost status Source of classification or shelving scheme Damaged status Not for loan Collection code Home library Current library Shelving location Date acquired Source of acquisition Inventory number Total Checkouts Full call number Barcode Date last seen Date last checked out Price effective from Koha item type
    Dewey Decimal Classification     General Biblioteca Karol Wojtyla Biblioteca Karol Wojtyla Sala general 03/12/2013 Compra 151000000000000000025748 1 658.5 BIE 72344 05/01/2026 10/09/2018 03/12/2013 Libro